Tearing apart the land: (Record no. 10361)

MARC details
000 -LEADER
fixed length control field 00659cam a2200229 i 4500
001 - CONTROL NUMBER
control field 1127843426
003 - CONTROL NUMBER IDENTIFIER
control field OCoLC
005 - DATE AND TIME OF LATEST TRANSACTION
control field 20250612150413.0
008 - FIXED-LENGTH DATA ELEMENTS--GENERAL INFORMATION
fixed length control field 191106t20202020mduab b 001 0 eng d
015 ## - NATIONAL BIBLIOGRAPHY NUMBER
National bibliography number GBB9I5765
Source bnb
020 ## - INTERNATIONAL STANDARD BOOK NUMBER
International Standard Book Number 9780801474996
International Standard Book Number 9780801474996
International Standard Book Number 9780801474996
International Standard Book Number 1538126206
100 1# - MAIN ENTRY--PERSONAL NAME
Personal name Mccargo,Duncan
245 10 - TITLE STATEMENT
Title Tearing apart the land:
Remainder of title Islam and legitimacy in southern Thailand.
264 #1 - PRODUCTION, PUBLICATION, DISTRIBUTION, MANUFACTURE, AND COPYRIGHT NOTICE
Place of production, publication, distribution, manufacture London:
Name of producer, publisher, distributor, manufacturer Cornell University Press,
Date of production, publication, distribution, manufacture, or copyright notice 2008
300 ## - PHYSICAL DESCRIPTION
Extent xxiii,299,pages :
Dimensions 26 cm
650 #0 - SUBJECT ADDED ENTRY--TOPICAL TERM
Topical term or geographic name entry element Anthropology
General subdivision Philosophy
-- History
Form subdivision Sources
700 1# - ADDED ENTRY--PERSONAL NAME
Personal name Mccargo,Duncan.
942 ## - ADDED ENTRY ELEMENTS (KOHA)
Source of classification or shelving scheme Dewey Decimal Classification
Koha item type Main
Holdings
Withdrawn status Lost status Source of classification or shelving scheme Damaged status Not for loan Collection code Home library Current library Shelving location Date acquired Inventory number Total Checkouts Full call number Barcode Date last seen Price effective from Koha item type Public note
    Dewey Decimal Classification     Main TEST RTC Library RTC Library Main opac 12/06/2025 19441   297.64 MCC 30020659 12/06/2025 12/06/2025 Main Donated by Dr.Dolma
Royal Thimphu College || All Right Reserved